=LDR 00000nam 2200000 4500 =001 INLIS000000000017278 =005 20130612112455 =008 ***********************************Ind** =035 ##$$0010-061300000017278 =041 ##$$a Ind =082 ##$$a 658.404 =090 ##$$a 658.404, Erv t =100 ##$$a Ervianto, Nulfran I =245 ##$$a Teori aplikasi manajemn proyek kontruksi, Wulfhan I. Ervianto =260 ##$$a 2004 $b Yogyakarta =300 ##$$a x, 272 hlm, ilus, 23 cm =650 ##$$a Manajemen Proyek =850 ##$$a NBPNMAT